Histoire de la Grèce Antique - Moyen 🏛️ - Statistiques

Statistiques générales
  • Ce quiz a Ă©tĂ© pris 888 fois
  • Le rĂ©sultat moyen est 6 sur 10
Statistiques - réponses
Question Réponse % Correct
Quelle était la principale rivale d'Athènes pendant la guerre du Péloponnèse ? Sparte
96%
Quelle reine légendaire était mariée au roi spartiate Ménélas et enlevée par le prince troyen Pâris, déclenchant la guerre de Troie ? Hélène
81%
Quel terme grec désigne une "cité-État", une forme de gouvernement indépendante typique de la Grèce antique ? Polis
81%
Quel architecte et sculpteur grec est célèbre pour avoir conçu la statue géante de Zeus à Olympie, l'une des Sept Merveilles du monde antique ? Phidias
72%
Quel roi de Perse a dirigé la deuxième invasion de la Grèce pendant les guerres médiques et a été vaincu lors de la bataille de Salamine en 480 av. J.-C. ? Xerxès Ier
69%
Quel événement marqua la fin de la guerre du Péloponnèse et entraîna le déclin de la puissance d'Athènes ? La capture d'Athènes par Sparte
51%
Quel roi de Macédoine a créé un vaste empire qui s'étendait de la Grèce à l'Inde, et est connu sous le nom d'Alexandre le Grand ? Alexandre III
49%
Quel célèbre orateur et homme politique athénien a été condamné à mort pour impiété et corruption de la jeunesse ? Périclès
38%
Quel philosophe grec était le fondateur de l'école de pensée stoïcienne ? Zénon de Cittium
30%
Quel célèbre mathématicien grec est considéré comme le "père des nombres" et est associé au théorème éponyme ? Euclide
19%
Aucun quiz correspondant
Distribution des résultats
% des personnes avec chaque résultat
Percentile par nombre de réponses
Votre historique - résultats
Vous n’avez pas pris ce quiz